Felsenburg Ödön gratuláló levele Szent-Györgyi Alberthez

Elmentve itt :
Bibliográfiai részletek
Szerző: Felsenburg Ödön
Dokumentumtípus: Kézirat
Megjelent: 1937-11-01
Kulcsszavak:Levelezés - Felsenburg Ödön - Szent-Györgyi Albert, Nobel-díj - 1937
Online Access:http://misc.bibl.u-szeged.hu/47724
LEADER 00651ntm a2200169 i 4500
001 misc47724
005 20241129124809.0
008 210111s1937 hu o 000 hun d
040 |a SZTE Miscellanea Repozitórium  |b hun 
041 |a hun 
100 1 |a Felsenburg Ödön 
245 1 0 |a Felsenburg Ödön gratuláló levele Szent-Györgyi Alberthez  |h [elektronikus dokumentum] /  |c  Felsenburg Ödön 
260 |c 1937-11-01 
300 |a 2 fol. 
561 |a Szent-Györgyi Albert gratuláló levelek 
695 |a Levelezés - Felsenburg Ödön - Szent-Györgyi Albert, Nobel-díj - 1937 
856 4 0 |u http://misc.bibl.u-szeged.hu/47724/1/1937_4_077.pdf  |z Dokumentum-elérés